Les fours électriques et leurs applications industrielles / (Record no. 60050)

MARC details
000 -LEADER
campo de control de longitud fija 00505nam a2200157 i 4500
001 - NÚMERO DE CONTROL
campo de control 60050
003 - IDENTIFICADOR DE NÚMERO DE CONTROL
campo de control ES-MaACL
007 - CAMPO FIJO DE DESCRIPCIÓN FÍSICA--INFORMACIÓN GENERAL
campo de control de longitud fija t|
008 - DATOS DE LONGITUD FIJA--INFORMACIÓN GENERAL
campo de control de longitud fija 031103s1905 fr ||||1| fre d
100 1# - ENTRADA PRINCIPAL--NOMBRE DE PERSONA
Nombre de persona Escard, Jean.
9 (RLIN) 47505
245 14 - MENCIÓN DEL TÍTULO
Título Les fours électriques et leurs applications industrielles /
Mención de responsabilidad, etc. par Jean Escard ; préface de Henri Moissan.
260 ## - PUBLICACIÓN, DISTRIBUCIÓN, ETC.
Lugar de publicación, distribución, etc. París :
Nombre del editor, distribuidor, etc. [s.n.,
Fecha de publicación, distribución, etc. 1905] (
Lugar de fabricación/manufactura Tours :
Fabricante Deslis Frères)
300 ## - DESCRIPCIÓN FÍSICA
Extensión XIV, 336 p. ;
Dimensiones 25 cm.
700 1# - ENTRADA AGREGADA--NOMBRE PERSONAL
Nombre de persona Moissan, Henri.
9 (RLIN) 81817
852 ## - LOCALIZACIÓN
Ubicación ES-MaACL
Número de control de estantería B-1528
Holdings
Estatus retirado Estado de pérdida Estado de daño No para préstamo Biblioteca de origen Biblioteca actual Ubicación en estantería Fecha de adquisición Fuente de adquisición Total de préstamos Signatura topográfica completa Código de barras Visto por última vez Precio de reemplazo Tipo de ítem Koha
        Biblioteca del Ateneo de Madrid Biblioteca del Ateneo de Madrid Sala Pardo Bazán 17/01/2008     B-1528 1062981 23/02/2023 23/02/2023 Libro impreso